Cesty k úspešnému podniku : Stanovení cíle. Techniky rozhodování. Jak to dělají IKEA, BMW, Rolls-Royce, McDonald, Shell, British Airways, SAS, ABB, IBM, Ford, Levi Straus, Beneton a další

Gespeichert in:
Bibliographische Detailangaben
Hauptverfasser: Johnson, Gerry (Verfasst von), Scholes, Kevan (Verfasst von)
Format: Buch
Sprache:Tschechisch
Veröffentlicht: Praha : Computer Press, 2000
Ausgabe:1. vyd.
Schlagworte:
Online-Zugang:OBSAH
Tags: Tag hinzufügen
Keine Tags, Fügen Sie das erste Tag hinzu!

MARC

LEADER 00000nam a22000003a 4500
001 stu54983
005 20150617225658.5
008 000907s2000----xr------------------cze-d
020 |a 80-7226-220-3 
040 |a STU  |b slo 
041 0 |a cze 
044 |a xr 
080 |a 65.012.4 
100 1 |a Johnson, Gerry  |4 aut 
245 1 |a Cesty k úspešnému podniku :  |b Stanovení cíle. Techniky rozhodování. Jak to dělají IKEA, BMW, Rolls-Royce, McDonald, Shell, British Airways, SAS, ABB, IBM, Ford, Levi Straus, Beneton a další 
250 |a 1. vyd. 
260 |a Praha :  |b Computer Press,  |c 2000 
300 |a 803 s 
650 7 |a manažment strategický  |2 stusub 
650 7 |a Analýza strategická  |2 stusub 
650 7 |a Rozhodovanie-techniky  |2 stusub 
700 1 |a Scholes, Kevan  |4 aut 
856 4 |a https://sweb.mtf.stuba.sk/obsahy/cesty_k_uspesnemu_podniku_00.pdf  |u https://sweb.mtf.stuba.sk/obsahy/cesty_k_uspesnemu_podniku_00.pdf  |3 OBSAH 
996 |b 284M024285  |c M*10668-3  |l MMKN  |s A  |a 24  |w stu54983_0001 
996 |b 284M023946  |c M*10656-1  |l MMKN  |s A  |a 24  |w stu54983_0002 
996 |b 284M024288  |c M*10668-4  |l MMKN  |s A  |a 24  |w stu54983_0003 
996 |b 284M024289  |c M*10668-5  |l MMKN  |s A  |a 24  |w stu54983_0004 
996 |b 284M024283  |c M*10668-1  |l MMKN  |s A  |a 24  |w stu54983_0005 
996 |b 284J002799  |c J*97051  |l JJSK  |s A  |a 24  |w stu54983_0006 
996 |b 284M024284  |c M*10668-2  |l MMKN  |s A  |a 24  |w stu54983_0007